Modern algbra/ (Record no. 543703)

000 -LEADER
fixed length control field 00408nam a22001577a 4500
020 ## - INTERNATIONAL STANDARD BOOK NUMBER
International Standard Book Number 070691810X
082 ## - DEWEY DECIMAL CLASSIFICATION NUMBER
Classification number 512.904
Author Mark SIN
-- L-1;P-28
100 ## - MAIN ENTRY--PERSONAL NAME
Personal name SINGH, SURJEET
9 (RLIN) 39174
245 ## - TITLE STATEMENT
Title Modern algbra/
Remainder of title SURJEET, SINGH.
250 ## - EDITION STATEMENT
Edition statement 6th ed.
260 ## - PUBLICATION, DISTRIBUTION, ETC.
Place of publication, distribution, etc. India. :
Name of publisher, distributor, etc. vikas publishing,
Date of publication, distribution, etc. c1983.
300 ## - PHYSICAL DESCRIPTION
Extent 531p. :
526 ## - STUDY PROGRAM INFORMATION NOTE
Program name 0
Interest level 0
Reading level 0
Title point value 512_904000000000000_SIN
650 ## - SUBJECT ADDED ENTRY--TOPICAL TERM
Topical term or geographic name entry element MCE
9 (RLIN) 379
942 ## - ADDED ENTRY ELEMENTS (KOHA)
Source of classification or shelving scheme
Koha item type Book
Holdings
Withdrawn status Lost status Source of classification or shelving scheme Damaged status Not for loan Permanent Location Current Location Date acquired Total Checkouts Full call number Barcode Date last seen Price effective from Koha item type
          Military College of Engineering (MCE) Military College of Engineering (MCE) 03/28/2014   512.904 SIN MCE-11425 03/28/2014 03/28/2014 Book
© 2023 Central Library, National University of Sciences and Technology. All Rights Reserved.